默写2000年以来参加过奥运会的中国女子体操运动员名单 - Statistics

General Stats
  • This quiz has been taken 11 times
  • The average score is 6 of 34
Answer Stats
Answer % Correct
程菲
80%
邓琳琳
50%
商春松
40%
刘璇
30%
杨云
30%
杨伊琳
30%
江钰源
30%
何可欣
30%
眭禄
30%
唐茜靖
30%
管晨辰
30%
李珊珊
20%
范忆琳
20%
欧钰珊
20%
芦玉菲
20%
周雅琴
20%
邱祺缘
20%
毛艺
10%
章瑾
10%
罗欢
10%
凌洁
0%
董芳霄
0%
黄曼丹
0%
奎媛媛
0%
张楠
0%
范晔
0%
李娅
0%
王湉湉
0%
林莉
0%
姚金男
0%
黄秋爽
0%
王妍
0%
谭佳薪
0%
张怡涵
0%
No matching quizzes found
Score Distribution
Percent of People with Each Score
Percentile by Number Answered
Your Score History
You have not taken this quiz